UM Logo

Corrections/ (Record no. 7774)

MARC details
000 -LEADER
fixed length control field 00530nam a2200157 4500
008 - FIXED-LENGTH DATA ELEMENTS--GENERAL INFORMATION
fixed length control field 171117b xxu||||| |||| 00| 0 eng d
020 ## - INTERNATIONAL STANDARD BOOK NUMBER
International Standard Book Number 0-314-09980-8
082 ## - DEWEY DECIMAL CLASSIFICATION NUMBER
Edition number 1997
Classification number DC 365.973
Item number R27c
100 ## - MAIN ENTRY--PERSONAL NAME
9 (RLIN) 23448
Personal name Reichel, Philip L., author.
245 ## - TITLE STATEMENT
Title Corrections/
Statement of responsibility, etc. Philip L. Reichel.
260 ## - PUBLICATION, DISTRIBUTION, ETC. (IMPRINT)
Place of publication, distribution, etc. Minneapolis:
Name of publisher, distributor, etc. West Publishing Company,
Date of publication, distribution, etc. ©1997.
300 ## - PHYSICAL DESCRIPTION
Extent xxi, 714 pages :
Other physical details Illustrations;
Dimensions 29 cm.
500 ## - GENERAL NOTE
General note Includes references, glossary and indexes.
650 #0 - SUBJECT ADDED ENTRY--TOPICAL TERM
9 (RLIN) 23449
Topical term or geographic name as entry element Corrections
Geographic subdivision United States
942 ## - ADDED ENTRY ELEMENTS (KOHA)
Source of classification or shelving scheme Dewey Decimal Classification
Koha item type Circulation
Holdings
Withdrawn status Lost status Source of classification or shelving scheme Damaged status Not for loan Collection code Home library Current library Date acquired Source of acquisition Total Checkouts Full call number Barcode Date last seen Copy number Price effective from Koha item type
    Dewey Decimal Classification     Circulation UM Digos College - LIC UM Digos College - LIC   Purchased   DC 365.973 R27c 1997 19741 06/08/2021 1 11/18/2017 Circulation